Export Receipts September 2005 (Record no. 586066)
[ view plain ]
| 000 -LEADER | |
|---|---|
| fixed length control field | 00364nam a22001217a 4500 |
| 082 ## - DEWEY DECIMAL CLASSIFICATION NUMBER | |
| Classification number | 382.609549 SBP |
| 100 ## - MAIN ENTRY--PERSONAL NAME | |
| Personal name | State Bank of Pakistan |
| 245 ## - TITLE STATEMENT | |
| Title | Export Receipts September 2005 |
| Statement of responsibility, etc. | State Bank of Pakistan |
| 260 ## - PUBLICATION, DISTRIBUTION, ETC. | |
| Place of publication, distribution, etc. | Karachi |
| Name of publisher, distributor, etc. | Public Relation Division SBP |
| Date of publication, distribution, etc. | 2005 |
| 300 ## - PHYSICAL DESCRIPTION | |
| Extent | 229p |
| 942 ## - ADDED ENTRY ELEMENTS (KOHA) | |
| Source of classification or shelving scheme | |
| Koha item type | Book |
| Withdrawn status | Lost status | Source of classification or shelving scheme | Damaged status | Not for loan | Permanent Location | Current Location | Date acquired | Full call number | Barcode | Date last seen | Price effective from | Koha item type | Total Checkouts |
|---|---|---|---|---|---|---|---|---|---|---|---|---|---|
| Central Library (CL) | Central Library (CL) | 08/03/2021 | 382.609549 SBP | S3H-R-148 | 08/03/2021 | 08/03/2021 | Reference | ||||||
| Central Library (CL) | Central Library (CL) | 08/03/2021 | 382.609549 SBP | S3H-R-149 | 08/03/2021 | 08/03/2021 | Reference | ||||||
| Central Library (CL) | Central Library (CL) | 03/20/2022 | 382.609549 SBP | S3H-R-150 | 03/20/2022 | 03/20/2022 | Book |
